000 00503nam a22001697a 4500
999 _c166460
_d166460
010 _aENG-126065
020 _a978-93-8472-677-5
_c1295.00(hb)
035 _aEN-109597
037 _bDBAD/PUB
082 _a621.395
100 _aS,Ramesh
245 _aA Textbook Of Rapid Prototyping/
_cRamesh S
260 _aNew Delhi
_bAne Books Pvt.Ltd.
_c2017
270 _a4821,Parwana Bhawan 1st Floor 24 Ansari Road, Darya Ganj
300 _a178p.
_b24cm(hb)
942 _2ddc
_cEN
_h621.95
_mS